|
|
|
|
| LEADER |
00965nam a2200277 a 4500 |
| 001 |
000591100 |
| 003 |
CZ BrMZK |
| 005 |
20091118101424.0 |
| 007 |
ta |
| 008 |
020320s2002 xr e cze d |
| 020 |
|
|
|a 80-86181-49-9
|
| 040 |
|
|
|a BOA001
|b cze
|
| 072 |
|
7 |
|a 821-1/-8
|x Literatura různých forem a žánrů
|2 Konspekt
|9 25
|
| 080 |
|
|
|a 82-7
|2 MRF
|
| 080 |
|
|
|a 347.99
|2 MRF
|
| 080 |
|
|
|a (082)
|2 MRF
|
| 100 |
1 |
|
|a Mužík, Josef,
|d 1953-2025
|7 ola2002111217
|4 aut
|
| 245 |
1 |
0 |
|a Ftákoviny (ze soudních síní).
|n 2 /
|c Josef Mužík ; [ilustrace Karel Křivánek]
|
| 260 |
|
|
|a [Břeclav] :
|b Moraviapress,
|c 2002
|
| 300 |
|
|
|a 85 s. :
|b il. ;
|c 17 cm
|
| 650 |
0 |
7 |
|a soudnictví
|7 ph125852
|x humor
|2 czenas
|
| 655 |
|
7 |
|a sborníky
|7 fd163935
|2 czenas
|
| 700 |
1 |
|
|a Křivánek, Karel,
|d 1949-
|7 ola200206502
|4 ill
|
| 910 |
|
|
|a BOA001
|b 1-1065.475,2
|
| 990 |
|
|
|a BK
|
| 996 |
6 |
|
|b 2610156254
|c 1-1065.475,2
|l MZK
|r Sklad / do 1 hodiny
|n 0
|p p.v.
|w 000592049
|u 000010
|a 1
|e BOA001
|j MZK50
|s P
|